Vida de Don Ventura Marín

Salvato in:
Dettagli Bibliografici
Autore principale: Prieto del Río, Luis Francisco (Autore)
Natura: Libro
Lingua:spagnolo
Pubblicazione: Santiago Imprenta de La Estrella de Chile 1878
Edizione:1a. ed
Soggetti:
Tags: Aggiungi Tag
Nessun Tag, puoi essere il primo ad aggiungerne!!

MARC

LEADER 00000nam a2200000 a 4500
001 UCJ6656
003 CL-VaPUC
008 070124e18780000CL |||||||||||||||||spa|d
082 0 4 |a 922  |b MAR  |2 21 
100 0 |a Prieto del Río, Luis Francisco  |e author  |9 513707 
245 1 0 |a Vida de Don Ventura Marín 
250 |a 1a. ed 
300 |a 116 p 
942 |c BK 
945 |d 20070124 00:00:00  |a rinostro 
260 |a Santiago  |b Imprenta de La Estrella de Chile  |c 1878 
600 0 |a Marín Recabarren, Ventura,  |d 1806-1877  |9 509069 
600 0 7 |a RECABARREN, LUISA  |2 CL-VaPUC  |9 506631 
600 0 7 |a INSTITUTO NACIONAL  |2 CL-VaPUC  |9 342453 
600 0 |a Portales y Palazuelos, Diego,  |d 1793-1837  |9 255516 
650 7 |a BIOGRAFIA  |2 CL-VaPUC  |9 504622 
650 0 |a Crítica literaria   |9 269189 
650 0 |a Filósofos   |9 269126 
583 |a last modification  |c 20070124 00:00:00  |k Rodrigo Vera 
999 |c 322758  |d 322756 
952 |0 0  |1 0  |4 0  |6 922_000000000000000_MAR_1878  |7 0  |8 X  |9 401827  |a FDOBUD  |b FDOBUD  |d 2019-11-22  |i 1050753  |o 922 MAR 1878  |p 1050753  |r 2019-11-22  |w 2019-11-22  |y BK_X  |k BUD